000 01081nam a2200325 i 4500
003 EG-GICUC
005 20260423015345.0
008 260423s1979 Fr |||fr|||| 00| 0 fre d
040 _aEG-GiCUC
_bfre
_cEG-GiCUC
_dEG-GiCUC
_eRda
082 0 4 _221
_a343.3
_bME . T
092 0 4 _221
099 _aLaw1 10 343.3 ME . T 1979
100 1 _aMerle, Roger
_eAuteur
245 1 0 _aTraité De Droit Criminel.
_nTome Ii,
_pProcédure Pénale /
_cRoger Merle, André Vitu.
250 _aTroisième Édition
264 1 _aParis :
_bCujas
_c1979.
264 3 _aFrance:
_bl'Imprimerie Bussière
300 _a1005 page;
_c 24 cm.
_billustration ;
336 _2rda contenu
_a texte
337 _2rda medias
_aOrdinateur
338 _2 transporteur rda
_a Ressource en ligne
504 _aBibliography: pages 200-250. 240-220
650 1 _aDroit De Procédure Pénale
_2qrmak
650 1 _aDroit De Pénal
_2qrmak
651 1 _2qrmak
700 1 _aVitu, André
_eCo-Auteur
856 4 0 _uhttps://fll.law.cu.edu.eg/fulltext/bks/B10-10359.pdf
905 _a54
942 _2ddc
_cBK
_e21
_n0
999 _c72931
_d72931